<?xml version="1.0" encoding="UTF-8"?><?xml-stylesheet type="text/xsl" href="static/style.xsl"?><OAI-PMH xmlns="http://www.openarchives.org/OAI/2.0/" xmlns:xsi="http://www.w3.org/2001/XMLSchema-instance" xsi:schemaLocation="http://www.openarchives.org/OAI/2.0/ http://www.openarchives.org/OAI/2.0/OAI-PMH.xsd"><responseDate>2026-04-28T19:07:43Z</responseDate><request verb="GetRecord" identifier="oai:uvadoc.uva.es:10324/61877" metadataPrefix="marc">https://uvadoc.uva.es/oai/request</request><GetRecord><record><header><identifier>oai:uvadoc.uva.es:10324/61877</identifier><datestamp>2024-12-16T07:27:16Z</datestamp><setSpec>com_10324_1133</setSpec><setSpec>com_10324_931</setSpec><setSpec>com_10324_894</setSpec><setSpec>col_10324_1209</setSpec></header><metadata><record xmlns="http://www.loc.gov/MARC21/slim" xmlns:doc="http://www.lyncode.com/xoai" xmlns:xsi="http://www.w3.org/2001/XMLSchema-instance" xmlns:dcterms="http://purl.org/dc/terms/" xsi:schemaLocation="http://www.loc.gov/MARC21/slim http://www.loc.gov/standards/marcxml/schema/MARC21slim.xsd">
<leader>00925njm 22002777a 4500</leader>
<datafield tag="042" ind1=" " ind2=" ">
<subfield code="a">dc</subfield>
</datafield>
<datafield tag="720" ind1=" " ind2=" ">
<subfield code="a">Gutiérrez Abejón, Eduardo</subfield>
<subfield code="e">author</subfield>
</datafield>
<datafield tag="720" ind1=" " ind2=" ">
<subfield code="a">Herrera Gómez, Francisco Magno</subfield>
<subfield code="e">author</subfield>
</datafield>
<datafield tag="720" ind1=" " ind2=" ">
<subfield code="a">Pedrosa Naudín, M. Aránzazu</subfield>
<subfield code="e">author</subfield>
</datafield>
<datafield tag="720" ind1=" " ind2=" ">
<subfield code="a">Tamayo Gómez, Eduardo</subfield>
<subfield code="e">author</subfield>
</datafield>
<datafield tag="720" ind1=" " ind2=" ">
<subfield code="a">Álvarez González, Francisco Javier</subfield>
<subfield code="e">author</subfield>
</datafield>
<datafield tag="260" ind1=" " ind2=" ">
<subfield code="c">2022</subfield>
</datafield>
<datafield tag="520" ind1=" " ind2=" ">
<subfield code="a">Background and Objectives: One of the most serious clinical outcomes in hospitalized patients with COVID-19 is severe acute respiratory syndrome (SARS). The aim is to analyze pharmacological treatment, survival and the main mortality predictors. Materials and Methods: A real-world data study from COVID-19-hospitalized patients with SARS from 1 March to 31 May 2020 has been carried out. Variables such as hospital length of stay, ventilation type and clinical outcomes have been taken into account. Results: In Castile and Leon, 14.03% of the 7307 in-hospital COVID-19 patients developed SARS, with a mortality rate of 42.53%. SARS prevalence was doubled in males compared to females, and 78.54% had an age of 65 years or more. The most commonly used medicines were antibiotics (89.27%), antimalarials (68.1%) and corticosteroids (55.9%). Survival of patients developing SARS was lower compared to patients without this complication (12 vs. 13 days). The main death predictors were disseminated intravascular coagulation (DIC) (OR: 13.87) and age (>65 years) (OR: 7.35). Conclusions: Patients older than 65 years who develop DIC have a higher probability of hospital death. Tocilizumab and steroids have been linked to a lower incidence of hospital death, being the main treatment for COVID-19 hospitalized patients with SARS.</subfield>
</datafield>
<datafield tag="024" ind2=" " ind1="8">
<subfield code="a">Medicina, 2022, Vol. 58, Nº. 6, 829</subfield>
</datafield>
<datafield tag="024" ind2=" " ind1="8">
<subfield code="a">1648-9144</subfield>
</datafield>
<datafield tag="024" ind2=" " ind1="8">
<subfield code="a">https://uvadoc.uva.es/handle/10324/61877</subfield>
</datafield>
<datafield tag="024" ind2=" " ind1="8">
<subfield code="a">10.3390/medicina58060829</subfield>
</datafield>
<datafield tag="024" ind2=" " ind1="8">
<subfield code="a">829</subfield>
</datafield>
<datafield tag="024" ind2=" " ind1="8">
<subfield code="a">6</subfield>
</datafield>
<datafield tag="024" ind2=" " ind1="8">
<subfield code="a">Medicina</subfield>
</datafield>
<datafield tag="024" ind2=" " ind1="8">
<subfield code="a">58</subfield>
</datafield>
<datafield tag="024" ind2=" " ind1="8">
<subfield code="a">1648-9144</subfield>
</datafield>
<datafield ind1=" " ind2=" " tag="653">
<subfield code="a">SARS-CoV-2</subfield>
</datafield>
<datafield ind1=" " ind2=" " tag="653">
<subfield code="a">COVID-19</subfield>
</datafield>
<datafield ind1=" " ind2=" " tag="653">
<subfield code="a">SARS (Disease)</subfield>
</datafield>
<datafield ind1=" " ind2=" " tag="653">
<subfield code="a">Syndromes</subfield>
</datafield>
<datafield ind1=" " ind2=" " tag="653">
<subfield code="a">Clinical findings</subfield>
</datafield>
<datafield ind1=" " ind2=" " tag="653">
<subfield code="a">Pharmacotherapy</subfield>
</datafield>
<datafield ind1=" " ind2=" " tag="653">
<subfield code="a">Survival</subfield>
</datafield>
<datafield ind1=" " ind2=" " tag="653">
<subfield code="a">Supervivencia</subfield>
</datafield>
<datafield ind1=" " ind2=" " tag="653">
<subfield code="a">Virology</subfield>
</datafield>
<datafield tag="245" ind1="0" ind2="0">
<subfield code="a">Hospitalized COVID-19 patients with severe acute respiratory syndrome: A population-based registry analysis to assess clinical findings, pharmacological treatment and survival</subfield>
</datafield>
</record></metadata></record></GetRecord></OAI-PMH>